Normale Ansicht MARC-Ansicht ISBD

Petersen - die bekannte Frankfurter Familie, betrachtet über sechs Generationen / (Titelsatznr. 372098)

[ MARC ]
MARC-Details
000 -Satzkennung
Kontrollfeld mit fester Länge 00880naa a2200241 4500
001 - Kontrollnummer
Kontrollfeld 19954
003 - Kontrollnummer Identifier
Kontrollfeld OSt
005 - Datum und Zeit der letzten Transaktion
Kontrollfeld 20230106123218.0
007 - Feld mit fester Länge zur physischen Beschreibung - Allgemeine Information
Kontrollfeld mit fester Länge tu
008 - Feld mit fester Länge zur physischen Beschreibung - Allgemeine Angaben
Kontrollfeld mit fester Länge 190527|||||||||||| ger
040 ## - Katalogisierungsquelle
Original-Katalogisierungsstelle DE-2950
Übertragungsstelle DE-2950
245 00 - Titel
Titel Petersen - die bekannte Frankfurter Familie, betrachtet über sechs Generationen /
Verfasserangabe etc. Horst Voigt
260 ## - Publikation, Vertrieb usw.
Erscheinungsjahr, Vertriebsjahr etc. 2022
490 ## - Gesamttitelangabe
Gesamttitelangabe Mitteilungen Historischer Verein zu Frankfurt (Oder) e.V.;
Bandnummer/Folgebezeichnung H. 2. 2022
546 ## - Fußnote zur Sprache
Sprache deutsch
653 ## - Indexierungsterm - Nicht normiert
Nicht-normierter Term Frankfurt (Oder)
653 ## - Indexierungsterm - Nicht normiert
Nicht-normierter Term Petersen <Familie>
653 ## - Indexierungsterm - Nicht normiert
Nicht-normierter Term 1744 - 2008
653 ## - Indexierungsterm - Nicht normiert
Nicht-normierter Term Petersen, Marie Louise; Schriftstellerin, 1816-1859
653 ## - Indexierungsterm - Nicht normiert
Nicht-normierter Term Petersen, Karl Friedrich Gustav; Apotheker, Stadtrat, Frankfurter Ehrenbürger, 1787 - 1868
773 0# - Übergeordnete Einheit
Ort, Verlag und Erscheinungsjahr Frankfurt (Oder)
Verknüpfungsangaben Heft 2/2022, S. 2 - 19
Titel Mitteilungen Historischer Verein zu Frankfurt (Oder) e. V
Datensatzkontrollnummer 11310
942 ## - Zusätzliche Felder (Koha)
Klassifikation oder Aufstellungssystematik Andere/Generische Klassifikation
Koha-Medientyp Aufsätze
Exemplare
Ausgeschieden Verloren Klassifikation oder Aufstellungssystematik Beschädigt Nicht entleihbar Heimatbibliothek Aufenthaltsbibliothek Aufstellungsort Erwerbungsdatum Anzahl Ausleihen Signatur Letzte Aktivität Preis gültig von Koha-Medientyp
    Andere/Generische Klassifikation     Stadtarchiv Frankfurt (Oder) | Archivbibliothek Stadtarchiv Frankfurt (Oder) | Archivbibliothek Lesesaal 06/01/2023   FR1 06/01/2023 06/01/2023 Aufsätze